000 00603nam a22002177a 4500
005 20170124110148.0
010 _aA-612892
020 _c00.00
035 _aA-612892
037 _bCen Lib/Ret
040 _aDPL
_bEN
082 _a210
_bGOP
100 _aGopi Krishna
_933759
245 _aThe divine possibilities in man /
_cby Gopi Krishna
260 _aNew Delhi
_bUBSPD
_c1993
270 _a5, Ansari Road
_bNew Delhi
_e110002
300 _axiv,118p.
_c20cm(Hb)
650 _aReligion and science
_911093
650 _aSpiritual life
_98840
942 _2ddc
_cEN
_h210
_mGOP
999 _c132119
_d132119